| 000 | 00358nam a2200145Ia 4500 | ||
|---|---|---|---|
| 008 | 150201s1984 xx 000 0 und d | ||
| 082 |
_a100 _bC1984S |
||
| 100 | _aSWAMI RAM | ||
| 245 | _aCRERATIVE USE OF EMOTION | ||
| 250 | _a4TH | ||
| 260 |
_bHIMALAYA INTERNATIONAL PUB. _aDELHI _c1984 |
||
| 300 | _a1-165 | ||
| 650 | _aGENERAL DENTISTRY | ||
| 942 |
_2ddc _cBK |
||
| 999 |
_c3625 _d3625 |
||